000 00373 a2200157 4500
001 49385
020 _a857208245X
040 _cAnchieta - Bela Vista
100 _aFerreira, João Geraldo Pinto
240 1 0 _aPena quebrada (o indiozinho)
_lpor
245 1 0 _aPena quebrada (o indiozinho)
300 _a41
362 0 _a1999
650 4 _aLiteratura juvenil
942 _cBK
999 _c49385
_d49385